| 000 | 00452nam a2200169 i 4500 | ||
|---|---|---|---|
| 001 | 16472 | ||
| 003 | ES-MaACL | ||
| 007 | t| | ||
| 008 | 000926s1977 sp ||||1| cat d | ||
| 020 | _a84-7080-915-6 | ||
| 080 | _a821.134.1-14"19" | ||
| 100 | 1 |
_aVinyoli, Joan. _9115354 |
|
| 245 | 1 | 0 |
_aLLibre d'amic / _cJoan Vinyoli. |
| 260 |
_aBarcelona : _bLa Gaya Ciencia, _c1977. |
||
| 300 |
_a81 p. : _bil. ; _c25 cm. |
||
| 852 |
_aES-MaACL _jG-2193 _bR.114264 |
||
| 999 |
_c16472 _d16472 |
||